000 00299nam a22001337a 4500
008 170524b xxu||||| |||| 00| 0 eng d
020 _a 9780130664624
041 _aeng
080 _a621.3
100 _a26
101 _aIM
245 _aINDUSTRIAL POWER DISTRIBUTIOR
_cFEHR,R.E
942 _2udc
_cBK
999 _c14157
_d14157